| 000 | 00417nam a2200169Ia 4500 | ||
|---|---|---|---|
| 008 | 230524s9999 xx 000 0 und d | ||
| 020 | _a9788183510134 | ||
| 082 | _bRED | ||
| 100 |
_aRavi P.Reddy _942101 |
||
| 245 | 0 | _aProgramming in C An Introduction to ANSI C | |
| 250 | _a2 | ||
| 260 |
_aNew Delhi _bReem Publi. _c2009 |
||
| 300 | _a503p; | ||
| 500 | _aQuantity Number: 1 | ||
| 650 | _aComp-Sc | ||
| 942 | _cBK | ||
| 999 |
_c56505 _d56505 |
||